LEADER 02208nam 2200445z- 450 001 9910557856603321 005 20230221134451.0 035 $a(CKB)5400000000048247 035 $a(oapen)https://directory.doabooks.org/handle/20.500.12854/80070 035 $a(EXLCZ)995400000000048247 100 $a20202204d2011 |y 0 101 0 $aslv 135 $aurmn|---annan 181 $ctxt$2rdacontent 182 $cc$2rdamedia 183 $acr$2rdacarrier 200 10$aHistori?ni seminar 9 210 $aLjubljana$cZRC SAZU, Zalo?ba ZRC$d2011 215 $a1 electronic resource (160 p.) 311 $a961-254-297-X 311 $a961-254-300-3 330 $aDeveta knjiga Histori?nega seminarja prina?a sedem razprav, ki se posve?ajo zgodovini v naj?ir?em smislu. Dejan Zadravec pi?e o omembah plemstva v ?upnijskih mati?nih knjigah med Savo, Sotlo in Savinjo do leta 1770. Zgodovino in biografijo zdru?uje prispevek Mojce Horvat o ?ivljenju prve mariborske zdravnice Klare Kukovec, zgodovinsko-etnolo?ka ?tudija Da?e Koprivec pa izpostavlja uveljavljeno podobo aleksandrinke kot dojilje. Tri raziskave zgodovino povezujejo z umetnostjo ? Ga?per Cerkovnik se ukvarja s knji?nimi lesorezi Albrechta Dürerja in njegovega kroga, Katarina ?ter posku?a pojasniti, kako je zvenela liturgi?na glasba v srednjeve?ki kartuziji ?i?e, Alexis Bennett pa i??e povezavo med filmsko glasbo in pojavom obujanja stare glasbe. Z metodolo?kega vidika se zgodovine loteva prispevek Miha Seru?nika o uporabi sodobnih ra?unalni?kih orodij pri obdelavi gradiva za zgodovinopisje. 606 $aHistory: theory & methods$2bicssc 610 $acollective volume 610 $acultural history 610 $ahistoriography 610 $ahistory 610 $akulturna zgodovina 610 $azborniki 610 $azgodovina 610 $azgodovinopisje 615 7$aHistory: theory & methods 700 $a?agar Karer$b Mojca$4edt$01240771 702 $a?ter$b Katarina$4edt 702 $a?agar Karer$b Mojca$4oth 702 $a?ter$b Katarina$4oth 906 $aBOOK 912 $a9910557856603321 996 $aHistori?ni seminar 9$93025098 997 $aUNINA LEADER 01625nam 2200565Ia 450 001 9910780474103321 005 20230617022907.0 010 $a1-283-90414-4 010 $a1-84642-377-5 035 $a(CKB)111087028265866 035 $a(SSID)ssj0000220159 035 $a(PQKBManifestationID)11196534 035 $a(PQKBTitleCode)TC0000220159 035 $a(PQKBWorkID)10143498 035 $a(PQKB)11529748 035 $a(MiAaPQ)EBC290795 035 $a(Au-PeEL)EBL290795 035 $a(CaPaEBR)ebr10035667 035 $a(CaONFJC)MIL421664 035 $a(OCoLC)52966944 035 $a(EXLCZ)99111087028265866 100 $a20020919d2003 uy 0 101 0 $aeng 135 $aurcn||||||||| 181 $ctxt 182 $cc 183 $acr 200 10$aPersonality disorder$b[electronic resource] $etemperament or trauma? /$fHeather Castillo 210 $aLondon ;$aPhiladelphia $cJ. Kingsley$dc2003 215 $a176 p 225 1 $aForensic focus ;$v23 300 $aBibliographic Level Mode of Issuance: Monograph 311 $a1-84310-053-3 320 $aIncludes bibliographical references and index. 410 0$aForensic focus ;$v23. 606 $aPersonality disorders 606 $aPsychic trauma 606 $aTemperament 615 0$aPersonality disorders. 615 0$aPsychic trauma. 615 0$aTemperament. 676 $a616.85/8 700 $aCastillo$b Heather$01499011 801 0$bMiAaPQ 801 1$bMiAaPQ 801 2$bMiAaPQ 906 $aBOOK 912 $a9910780474103321 996 $aPersonality disorder$93724817 997 $aUNINA